00446nam a22001577a 450000500170000000800410001702000150005808200120007310000240008524500920010926000410020130000130024265000140025565000110026965000080028020240610070021.0240610b |||||||| |||| 00| 0 eng d a9559062913 222a340 aBulankulame, Indika aThe Debates on Truth Commissions:bA Retrospective Healing Process?cIndika Bulankulame aColombobLaw and Society Trustc2004 a34, p ., aPolitical aSocial aLaw